00406nam a2200145Ia 4500003000400000008004100004020001800045082001300063100002100076245006700097250000800164260006400172300000800236650001600244OSt191201s2012 xx 000 0 und d a9788120329683 a004bMIT aMISHRA, K. L. P. 0aTheory of Computer Science Automata, Languages and Computation a3rd aN.DelhibPrentice Hall India Learning Private Limitedc2012 a422 aB.Tech(CSE)